Geldmenge, Einkommen und Preisniveau Wie stabil ist der Zusammenhang nach der deutschen Wiedervereinigung?

Salvato in:
Dettagli Bibliografici
Autore principale: Scheide, Joachim
Natura: Libro
Lingua:tedesco
Pubblicazione: Kiel Institut für Weltwirtschaft 1993
Edizione:1. Aufl.
Serie:Arbeitspapier Nr.582
Soggetti:
Tags: Aggiungi Tag
Nessun Tag, puoi essere il primo ad aggiungerne!!

MARC

LEADER 00000nam a2200000 4500
001 c005194
005 20221214082133.8
041 0 |a ger 
044 |a DE 
245 1 0 |a Geldmenge, Einkommen und Preisniveau  |b Wie stabil ist der Zusammenhang nach der deutschen Wiedervereinigung?  |c Joachim Scheide 
250 |a 1. Aufl. 
264 1 |a Kiel  |b Institut für Weltwirtschaft  |c 1993 
300 |a 23 s. 
490 1 |a Arbeitspapier  |v Nr.582 
830 0 |a Arbeitspapier  |v Nr.582 
610 2 0 |a Nemecko 
610 2 0 |a politika peňažná 
610 2 0 |a ceny 
610 2 0 |a peniaze 
610 2 0 |a príjmy nominálne 
610 2 0 |a obeh peňažný 
610 2 0 |a USA 
610 2 0 |a inflácia 
610 2 0 |a nezamestnanosť 
610 2 0 |a modely 
100 1 |a Scheide, Joachim